000 00310nam a2200133Ia 4500
005 20251222155152.0
008 251222s9999||||xx |||||||||||||| ||spa||
082 _aREL.131
100 _aMARCHESI Spinsan.
245 0 _aPor un hospital mas humano
250 _a1ra. ed.
264 _bSan Pablo
942 _cLIB
999 _c39616
_d39616